Регионална библиотека "Любен Каравелов" - Русе

Господарката на седемте камъка (Запис номер 152778)

MARC детайли
000 -Лидер
Контролно поле с фиксирана дължина 01640nam a2200409 c 4500
003 - Код на организацията, давaща контролен номер
Контролно поле BLK
005 - Дата и час на последна редакция
Контролно поле 20231109143251.0
008 - Елементи от данни с фиксирана дължина
fixed length control field 180410b bul|||||r ||||||| ||bul||
010 ## - Наследен системен номер
LC control number KNG00159297000
020 ## - Международен стандартен номер на книга ISBN
Международен стандартен номер на книга ISBN 978-954-26-1309-1
040 ## - Източник на каталожния запис
Идентификатор на билиотеката - собственик на записа BLK
041 ## - Код за език
Код за езика на текст/звукозапис или на отделно заглавие Български
Код за езика КДБФ Български
072 #7 - Код за тематичната категория
Код организация bullib
Код за тематична категория Н84
Текст Българска художествена литература Н
080 ## - УДК
Текстов определител УДК Българска литература
УДК код - определител по УДК 821.163.2
УДК определител -93-312.9
УДК - код + определител 821.163.2-93-312.9
100 1# - Редна дума - Автор
Автор Божилова, Ванина Иванова
Авторска отговорност първи автор
R(LIN) 331887
139 ## - Редно поле
Редна дума Божилова, Ванина Иванова и др.
Авторски знак Бож - Б 56
245 10 - Сведения за заглавието
Заглавие Господарката на седемте камъка
Подзаглавни данни Кн. 1 -
Редно поле (дума) Ванина Иванова Божилова; съавт. Евгения Павлова Танева.
Том Т. 1
Заглавие на том Ръката на съдбата
257 ## - Страна на издаване
Страна на създаване/издаване България
260 ## - Област на издателските данни
Име на издателя, разпространителя и проч. Хермес
Година на издаване 2014 -
Печатница Хасково : Полиграфюг
300 ## - Физическа характеристика
Размери/Мащаб 20 см
380 ## - Жанр
Жанр Худож. лит.
500 ## - Общи забележки
Забележка За авторките.
653 ## - Ключова дума – ненормативна
Ключова дума фентъзи
653 ## - Ключова дума – ненормативна
Ключова дума романи
653 ## - Ключова дума – ненормативна
Ключова дума добро
9 (RLIN) 185334
653 ## - Ключова дума – ненормативна
Ключова дума зло
9 (RLIN) 187028
659 ## - Тематичен бюлетин
Тематичен бюлетин Н
700 1# - Други автори (авторска отговорност)
Лично име Танева, Евгения Павлова
Автороска отговорност (Описва отношението между автора и произведението) съавт.
9 (RLIN) 331888
760 1# - Описание на основната серия
Редна дума на основното описание Божилова, Ванина Иванова
Място на издаване, издател и година 2014
Страници - том 184 с.
Заглавие Т. 1 Ръката на съдбата
852 ## - Местоположение
Форматна сигнатура Цб 268309
856 4# - Електронен адрес и достъп
Електронен формат pdf - файл
856 4# - Електронен адрес и достъп
Електронен формат pdf - файл
942 ## - АРТИКУЛИ
Вид на библиотечния материал Книги
Скрит в OPAC Не
Koha issues (borrowed), all copies 2
944 ## - СЪЗДАВАНЕ И РЕДАКЦИЯ на ЗАПИСА
Създаване/Редакция Създаване
Дата на регистрацията/редакция 08.04.2014
Статус, дата на статуса Мира Стойчева
Служител, извършил регистрацията/редакцията 30532
944 ## - СЪЗДАВАНЕ И РЕДАКЦИЯ на ЗАПИСА
Създаване/Редакция Редакция
Дата на регистрацията/редакция 15.09.2015
Статус, дата на статуса ф /
Служител, извършил регистрацията/редакцията Виолета_Тройчева
999 ## - СИСТЕМНИ КОНТРОЛНИ НОМЕРА
Koha biblionumber 152778
Koha biblioitemnumber 152778
999 ## - СИСТЕМНИ КОНТРОЛНИ НОМЕРА
Koha biblioitemnumber 152778
Наличности
Код за отписване Код за изгубен артикул Код за повреда Коз за рестрикции Код за отдаване Артикулен № Име на библиотеката - собственик Име на библиотеката, в която се намира в момента Статус (Текущо местоположение) Дата на вписване в системата Местоположение - отдел Цена в лева Инвентарен номер Систематично азбучна сигнатура Баркод Номер на екземпляра Цена в евро Служебна бележка Служебен тип на артикула
  Не е изгубен Не е повреден без рестрикции заемане за дома 255392 Регионална библиотека "Любен Каравелов" Русе Регионална библиотека "Любен Каравелов" Русе Детски отдел 2014-04-08 Детски отдел 7.46 120000776520 ДХ 886.7/Б 56 120000776520 1 3.81 Дост: Pk Вид: Ф N: 293 Дата: 03.04.2014 Дата инв: 03.08.2015 Бележки инв: Д2015 Книги
  Не е изгубен Не е повреден без рестрикции заемане за дома 255393 Регионална библиотека "Любен Каравелов" Русе Регионална библиотека "Любен Каравелов" Русе Детски отдел 2015-02-25 Детски отдел 9.95 120000785802 ДХ 886.7/Б 56 120000785802 2 5.09 Дост: Pk Вид: Ф N: 426 Дата: 23.02.2015 Дата инв: 02.09.2015 Бележки инв: Д2015 Книги
  Не е изгубен Не е повреден без рестрикции ползва се в читалня 255394 Регионална библиотека "Любен Каравелов" Русе Регионална библиотека "Любен Каравелов" Русе Хранилище 2015-06-17 Хранилище 9.95 120000788787 Цб 268309 120000788787 3 5.09 Дост: Dp Вид: Д N: 1 Дата: 05.01.2015 Книги
Vip Innovations Ltd, Rousse, Bulgaria 2025